000 00462nam a2200169Ia 4500
005 20250508162622.0
008 008 250505s9999 xx 000 0 eng d
037 _aTextual
040 _aFEDL
_beng
_cFEDL
041 _aeng
_2eng
084 _a590, BAL
_qFEDL
245 0 _aWildlife through the camera
260 _aLondon, UK
_bBritish Broadcasting Corporation
_c1982
300 _a224p
942 _cTEXL
_h590, BAL
999 _c1377673
_d1377673